Statistiques concernant Culture Générale - Série 1613

Cliquez ici pour prendre le quiz!

Statistiques générales

  • Ce quiz a été pris 90 fois
  • Le résultat moyen est 6 sur 10

Statistiques - réponses

QuestionRéponse% Correct
Dans quelle ville de Norvège peut-on visiter le musée Edvard Munch ?Oslo
94%
Dans quel pays vous trouvez-vous, si vous skiez à Gstaad ?Suisse
86%
En 1993, quel opposant à l'apartheid partage avec Frederik De Klerk le prix Nobel de la paix ?Nelson Mandela
86%
En quelle année le tunnel sous la Manche a-t-il été inauguré par François Mitterrand et Élisabeth II ?1994
82%
Quel métal ajoute-t-on à l'or pour obtenir l'alliage appelé "or rouge" ?cuivre
78%
De quel pays est originaire l'héroïne de bande dessinée Mafalda ?Argentine
44%
En 1890, quel ingénieur français, surnommé le "père de l'aviation", crée le premier appareil à vapeur capable de voler, baptisé "Éole" ?Clément Ader
36%
Quel pays a eu le sucre comme unité monétaire jusqu'en 2000 ?Equateur
34%
Quel publicitaire a conçu et mis en scène le défilé du 14 juillet 1989 à Paris ?Jean-Paul Goude
12%
Quelle chanteuse américaine a enregistré en duo, avec Eros Ramazzotti, le tube : "I Belong to You", sorti en 2005 ?Anastacia
4%

Distribution des résultats

Percentile par nombre de réponses

% des personnes avec chaque résultat

Votre développement - résultats

Vous n’avez pas pris ce quiz